Finanční plánování

Finančné plánovanie v podniku a využitie tabuľkového procesora Microsoft Excel. Niektoré komplikácie pri využití Excelu. Plánovací proces a konsolidácia dielčích plánov do finálneho finančnéno plánu. Príprava tzv. forecastov. Špeciálne plánovacie nástroje. CPM - Corporate performance management - ri...

Ausführliche Beschreibung

Gespeichert in:
Bibliographische Detailangaben
1. Verfasser: Plachý, Michal
Format: Buchkapitel
Sprache:Tschechisch
Schlagworte:
Tags: Tag hinzufügen
Keine Tags, Fügen Sie das erste Tag hinzu!

MARC

LEADER 00000naa$a2200000$$$4500
001 0093752
005 20231213141203.9
041 0 |a cze 
044 |a CZ 
245 1 0 |a Finanční plánování  |c Michal Plachý 
520 |a Finančné plánovanie v podniku a využitie tabuľkového procesora Microsoft Excel. Niektoré komplikácie pri využití Excelu. Plánovací proces a konsolidácia dielčích plánov do finálneho finančnéno plánu. Príprava tzv. forecastov. Špeciálne plánovacie nástroje. CPM - Corporate performance management - riadenie celej spoločnosti. Kľúčová úloha finančného plánovania. 
610 2 0 |a plánovanie finančné 
610 2 0 |a plán finančný 
610 2 0 |a nástroje plánovania 
610 2 0 |a manažment 
610 2 0 |a systémy informačné 
100 1 |a Plachý, Michal